Southville International School and Colleges
Your cart is empty.
  • Cart
  • Lists
    Public lists Eva Luna New books Lux_list list_1
    Your lists Log in to create your own lists
  • Log in to your account
  • Your cookies
  • Search history
Southville International School and Colleges
  • Advanced search
  • Recent comments
  • Most popular
  • Libraries

Log in to your account

Log in with GOOGLE


If you do not have an external account, but do have a local account, you can still log in:

  1. Home
  2. MARC view: Psychology for graduate nurses :
Normal view MARC view ISBD view

Psychology for graduate nurses : (Record no. 356566)

[ view plain ]
MARC details
000 -LEADER
fixed length control field 00652nam a2200241Ia 4500
008 - FIXED-LENGTH DATA ELEMENTS--GENERAL INFORMATION
fixed length control field 180523s9999 xx 000 0 und d
020 ## - INTERNATIONAL STANDARD BOOK NUMBER
International Standard Book Number 81-8061-303-8
050 ## - LIBRARY OF CONGRESS CALL NUMBER
Classification number MAIN BF 636
050 ## - LIBRARY OF CONGRESS CALL NUMBER
Item number .A58 2004
100 ## - MAIN ENTRY--PERSONAL NAME
Personal name Anthikad, Jacob.
245 #0 - TITLE STATEMENT
Title Psychology for graduate nurses :
245 #0 - TITLE STATEMENT
Remainder of title general and educational psychology /
245 #0 - TITLE STATEMENT
Statement of responsibility, etc Jacob Anthikad.
250 ## - EDITION STATEMENT
Edition statement 3rd Edition
260 ## - PUBLICATION, DISTRIBUTION, ETC. (IMPRINT)
Place of publication, distribution, etc New Delhi :
260 ## - PUBLICATION, DISTRIBUTION, ETC. (IMPRINT)
Name of publisher, distributor, etc Jaypee Brothers Medical Publishers,
260 ## - PUBLICATION, DISTRIBUTION, ETC. (IMPRINT)
Date of publication, distribution, etc 2004
300 ## - PHYSICAL DESCRIPTION
Extent 251 pages :
300 ## - PHYSICAL DESCRIPTION
Dimensions 22 cm.
500 ## - GENERAL NOTE
General note Includes index.
650 ## - SUBJECT ADDED ENTRY--TOPICAL TERM
Topical term or geographic name as entry element Nursing -- Psychological aspects.
650 ## - SUBJECT ADDED ENTRY--TOPICAL TERM
General subdivision Psychology.
Holdings
Withdrawn status Lost status Damaged status Home library Current library Shelving location Date acquired Cost, normal purchase price Total Checkouts Full call number Barcode Date last seen Price effective from Koha item type
      South Mansfield College South Mansfield College   03/07/2005 750.00   MAIN BF 636 .A58 2004 SMC00846 05/23/2018 05/23/2018  

Psychology for graduate nurses :

APA

Anthikad J., .Psychology for graduate nurses. New Delhi: .

Chicago

Anthikad Jacob, .Psychology for graduate nurses. New Delhi: .

Harvard

Anthikad J., .Psychology for graduate nurses. New Delhi: .

MLA

Anthikad Jacob, .New Delhi: . .

  • Place hold
  • Print
  • Cite
  • Add to your cart (remove)
  • Save record
    BIBTEX Dublin Core MARCXML MARC (non-Unicode/MARC-8) MARC (Unicode/UTF-8) MARC (Unicode/UTF-8, Standard) MODS (XML) RIS
  • More searches
    Search for this title in:
    Other Libraries (WorldCat) Other Databases (Google Scholar) Online Stores (Bookfinder.com) Open Library (openlibrary.org)

Exporting to Dublin Core...

SOUTHVILLE LIBRARY

Southville International School and Colleges Library

1281 Tropical Ave. Cor. Luxembourg St., BF Homes International, Las Pinas City

Tel. No. 8256374 / 252358 Loc. 117/146

Powered by Koha